000 00744nam a2200241Ia 4500
003 OSt
005 20220923212455.0
006 a|||||r|||| 00| 0
007 ta
008 220922b |||||||| |||| 00| 0 hin d
024 _a153,350
037 _cTextual
040 _aARTS
_cARTS
_bhin
041 _2hin
_ahin
082 _aO152vI, L0
100 _aपाण्डेय, शम्भूनाथ
245 0 _aआदिकालीन हिन्दी साहित्य
246 _aĀdikālīn hindī sāhitya
260 _c1970
650 _aहिन्दी साहित्य
_9156264
942 _hO152vI, L0
_cTEXL
_2CC
999 _c308997
_d308997